Aristóteles y su escuela

Guardat en:
Dades bibliogràfiques
Autor principal: Moreau, Joseph (autor)
Format: Llibre
Idioma:espanyol
Publicat: Buenos Aires EUDEBA 1972
Col·lecció:Biblioteca del Universitario. Temas
Matèries:
Etiquetes: Afegir etiqueta
Sense etiquetes, Sigues el primer a etiquetar aquest registre!

MARC

LEADER 00000nam a2200000 a 4500
001 UCP3829
003 CL-VaPUC
008 990702e19720000AG |||||||||||||||||spa|d
082 0 4 |a 185  |b MOR  |2 21 
100 |a Moreau, Joseph  |e autor  |9 431184 
245 1 0 |a Aristóteles y su escuela 
300 |a 310 p 
942 |c BK 
945 |d 19990702 00:00:00  |a lriquelm 
260 |a Buenos Aires  |b EUDEBA  |c 1972 
600 0 |a Aristóteles,  |d 384 a.C.- 322 a.C.  |9 194 
650 0 |a Filosofía antigua   |9 255705 
650 0 |a Saber   |9 367358 
650 7 |a SER  |2 CL-VaPUC  |9 320176 
650 7 |a MUNDO  |2 CL-VaPUC  |9 372714 
650 0 |a Alma   |9 259008 
650 0 |a Vida humana  |9 334108 
583 |a last modification  |c 19990702 00:00:00  |k Rodrigo Vera 
490 0 |a Biblioteca del Universitario. Temas 
999 |c 281984  |d 281982 
952 |0 0  |1 0  |4 0  |6 185_000000000000000_MOR_1972  |7 0  |8 A  |9 323168  |a BIBHIS  |b BIBHIS  |d 2019-11-20  |i 1363816  |o 185 MOR 1972  |p 1363816  |r 2025-01-20  |w 2019-11-20  |y BK  |k HIS